MONOZÓMIA X V MOZAIKE. II. (XO/XY,XO/XY/XXY,XO/XX/XY/?XXY)

Bibliographic Details
Main Author: Izakovič, Viliam, 1925-1986 (Author)
Format: Article
Language:Slovak

MARC

LEADER 00000nab a2200000ua 4500
001 vtls010748928
003 SK-MaSNL
005 20260304200918.0
008 250718s1970 xo |||||||||||||||||slo|
035 |a (urnnbn)urn:nbn:sk:snk:ar-a03g8j 
035 |a (uuid)2656c457-a43a-4e4e-bdda-5dcfa301c6ea 
035 |a urn:nbn:sk:snk-ab5934 
040 |a SNKBUCL  |b slo  |c SNKBUCL  |e AACR2 
041 0 |a slo 
044 |a xo  |c SK 
100 1 |a Izakovič, Viliam,  |d 1925-1986  |4 aut  |9 5011 
245 1 0 |a MONOZÓMIA X V MOZAIKE. II. (XO/XY,XO/XY/XXY,XO/XX/XY/?XXY)  |c V. Izakovič 
773 0 |t Bratislavské lekárske listy  |g Roč. 53, č. 2 (1970), s. 195-206 
850 |a Slovenská národná knižnica 
852 |a Slovenská národná knižnica 
954 |a odborná, vedecká literatúra pôvodná (slovenská)  |2 lita 
958 |a article3 
958 |a OND 
958 |a EUIPO 
999 |c 3091921  |d 3093851